Yüklüyor......

Modern commentators of veda /

Detaylı Bibliyografya
Yazar: Pateria, A. K.
Materyal Türü: Printed Book
Dil:English
Baskı/Yayın Bilgisi: Delhi : B. R. Publishing, 1985.
Konular:
LEADER 00485nam a22001457a 4500
008 170922t1985 ii ||||| |||| 00| 0 eng d
082 |a 294.5921 
100 |a Pateria, A. K. 
245 |a Modern commentators of veda /  |c A. K. Pateria 
260 |a Delhi :  |b B. R. Publishing,  |c 1985. 
300 |a 120 p. ; 
653 |a Vedas 
942 |c BK 
999 |c 278236  |d 278236 
952 |0 0  |1 0  |2 ddc  |4 0  |6 294_592100000000000_PAT_M  |7 0  |9 312877  |a PHL  |b PHL  |c ST1  |d 2017-09-22  |i 2531  |o 294.5921 PAT/M  |p PHL2531  |r 2017-09-22  |y BK